| 000 | 01125cam a2200301 a 4500 | ||
|---|---|---|---|
| 001 | 12508725 | ||
| 003 | OSt | ||
| 005 | 20161007151849.0 | ||
| 008 | 010821s2002 caua b 001 0 eng | ||
| 010 | _a 2001005181 | ||
| 020 | _a0761919716 | ||
| 040 |
_aDLC _cDLC _dDLC |
||
| 050 | 0 | 0 |
_aH62 _b.P3218 2002 |
| 082 | 0 | 0 |
_a001.4 _221 _bPAT 2002 |
| 100 | 1 |
_aPatton, Michael Quinn. _97445 |
|
| 245 | 1 | 0 | _aQualitative Research and Evaluation Methods |
| 250 | _a3 ed. | ||
| 260 |
_aThousand Oaks, Calif. : _bSage Publications, _c2002. |
||
| 300 |
_axxiv, 598 p. : _bill. ; _c26 cm. |
||
| 504 | _aIncludes bibliographical references and indexes. | ||
| 650 | 0 |
_aResearch methods _96807 |
|
| 650 | 0 |
_aEvaluation research _97446 |
|
| 856 | 4 | 2 |
_3Publisher description _uhttp://www.loc.gov/catdir/enhancements/fy0658/2001005181-d.html |
| 856 | 4 | 1 |
_3Table of contents only _uhttp://www.loc.gov/catdir/enhancements/fy0658/2001005181-t.html |
| 856 | 4 | 2 |
_3Contributor biographical information _uhttp://www.loc.gov/catdir/enhancements/fy0734/2001005181-b.html |
| 906 |
_a7 _bcbc _corignew _d1 _eecip _f20 _gy-gencatlg |
||
| 942 |
_2ddc _cSLOAN |
||
| 999 |
_c3323 _d3323 |
||